| 000 | 00457nam a22001577a 4500 | ||
|---|---|---|---|
| 999 |
_c526766 _d526766 |
||
| 003 | NUST | ||
| 038 | _aWaseem | ||
| 082 |
_a491.4933 _bAkh |
||
| 100 |
_aAkhtar, Naseem _915052 |
||
| 245 |
_aSaraiki Zarb ul Misal Aur Srariki O Aseab / _cNaseem Akhtar |
||
| 300 | _a296 p. ; | ||
| 500 | _aHardcover. | ||
| 880 |
_6100-01\r _aنسیم اختر |
||
| 880 |
_6245-02\r _aسرائیکی ضرب الامثال اورسرائیکی وسیب / |
||
| 942 |
_2ddc _cBK |
||